[Event "EtVaS Masters FM 2020"]
[Site "?"]
[Date "2020.09.05"]
[Round "2"]
[White "Jarvenpaa, Jari"]
[Black "Lindholm, Jere"]
[Result "1-0"]
[WhiteElo "2262"]
[BlackElo "2228"]
[PlyCount "71"]
[EventDate "2020.??.??"]
[SourceDate "2021.11.06"]
[SourceVersionDate "2021.11.06"]

1. c4 Nf6 2. g3 c6 3. Bg2 d5 4. Nf3 Bg4 5. cxd5 cxd5 6. Qb3 Qc7 7. Nc3 e6 8. d4
Nc6 9. Bf4 Qc8 10. O-O a6 11. Qd1 Be7 12. Rc1 Qd8 13. Ne5 Nxe5 14. Bxe5 Rc8 15.
f3 Bh5 16. Qb3 b5 17. a4 b4 18. Na2 Rxc1 19. Rxc1 a5 20. Bc7 Qa8 21. Qd3 Nd7
22. Qb5 Bd8 23. e4 Qa7 24. Bxd8 Kxd8 25. Rd1 Qb6 26. exd5 Qxb5 27. axb5 exd5
28. Nc1 Kc7 29. Nd3 f6 30. Rc1+ Kb6 31. Nf4 Bf7 32. Rc6+ Kb7 33. Bh3 Nb6 34.
Nd3 Nc4 35. Nc5+ Kb8 36. b6 1-0

[Event "EtVaS Masters FM 2020"]
[Site "?"]
[Date "2020.09.05"]
[Round "2"]
[White "Blinkov, Pavel"]
[Black "Paasikangas, Johanna"]
[Result "1/2-1/2"]
[WhiteElo "2289"]
[BlackElo "2162"]
[PlyCount "116"]
[EventDate "2020.??.??"]
[SourceDate "2021.11.06"]
[SourceVersionDate "2021.11.06"]

1. d4 Nf6 2. Bf4 d6 3. Nc3 Nbd7 4. Nf3 Nh5 5. Bc1 e5 6. e4 g6 7. Bg5 f6 8. Be3
Nb6 9. a4 Be6 10. a5 Nc4 11. Bc1 exd4 12. Nxd4 Bf7 13. f4 c6 14. a6 Qc7 15.
axb7 Qxb7 16. b3 Nb6 17. Ba6 Qc7 18. O-O Nd7 19. Qe2 Be7 20. Bc4 O-O 21. Ne6
Bxe6 22. Bxe6+ Kh8 23. Be3 Ng7 24. Bh3 Nb6 25. Ra6 Rab8 26. Rfa1 Rb7 27. Qf2
Bd8 28. Bd4 Qe7 29. f5 g5 30. g3 Ne8 31. Bg2 Qd7 32. Qd2 Kg8 33. Bf1 Ng7 34. g4
Nc8 35. Na4 Re8 36. Re1 Nb6 37. Qc3 Nxa4 38. bxa4 Bb6 39. Bxb6 axb6 40. Qxf6
Qd8 41. Qxd8 Rxd8 42. a5 bxa5 43. Rxc6 Ne8 44. e5 dxe5 45. Rxe5 Rb4 46. h3 a4
47. Ra6 Nc7 48. Ra7 Nd5 49. f6 h6 50. f7+ Kf8 51. Bg2 Nf4 52. Bc6 Rb1+ 53. Kf2
Rd2+ 54. Kf3 Rf1+ 55. Kg3 Rg1+ 56. Kf3 Rf1+ 57. Kg3 Rg1+ 58. Kf3 Rf1+ 1/2-1/2

[Event "EtVaS Masters A 2020"]
[Site "?"]
[Date "2020.09.05"]
[Round "3"]
[White "Vyskubov, Dmitry"]
[Black "Kumpulainen, Kalle"]
[Result "1-0"]
[WhiteElo "1911"]
[BlackElo "2057"]
[PlyCount "59"]
[EventDate "2020.??.??"]
[SourceDate "2021.11.06"]
[SourceVersionDate "2021.11.06"]

1. e4 c5 2. d4 cxd4 3. c3 dxc3 4. Nxc3 Nc6 5. Nf3 d6 6. Bc4 Nf6 7. Qe2 e6 8.
O-O Be7 9. Rd1 Qa5 10. Nb5 O-O 11. Nxd6 Rd8 12. Bf4 Nh5 13. Bd2 Qc5 14. Be3 Qa5
15. Nb5 a6 16. Rxd8+ Nxd8 17. Nbd4 Nf6 18. Bf4 Bd7 19. Ne5 Be8 20. Rc1 Nd7 21.
Nb3 Qb6 22. Qg4 Nf6 23. Qe2 Nc6 24. Ng4 Rd8 25. Nxf6+ Bxf6 26. e5 Be7 27. Qg4
Nb4 28. Be3 Qc6 29. Nd4 h5 30. Nxc6 1-0

[Event "EtVaS Masters FM 2020"]
[Site "?"]
[Date "2020.09.05"]
[Round "3"]
[White "Paasikangas, Johanna"]
[Black "Sammalvuo, Tapani"]
[Result "0-1"]
[WhiteElo "2162"]
[BlackElo "2424"]
[PlyCount "140"]
[EventDate "2020.??.??"]
[SourceDate "2021.11.06"]
[SourceVersionDate "2021.11.06"]

1. d4 Nf6 2. c4 e6 3. Nc3 Bb4 4. Qc2 c5 5. dxc5 O-O 6. a3 Bxc5 7. Nf3 Qb6 8. e3
Qc7 9. Be2 a6 10. O-O b6 11. b4 Be7 12. Bb2 d6 13. Rac1 Bb7 14. Rfd1 Nbd7 15.
h3 Rac8 16. Qd3 Bxf3 17. gxf3 Ne5 18. Qd4 Nxc4 19. Bxc4 Qxc4 20. Qxc4 Rxc4 21.
Na4 Rxc1 22. Rxc1 b5 23. Nb6 Rb8 24. Rc6 Bd8 25. Nc8 d5 26. Be5 Ra8 27. Nd6 Nd7
28. Bc3 Kf8 29. Nb7 Bb6 30. Kf1 g6 31. Ke2 Ra7 32. Nc5 Nxc5 33. Rxb6 Nd7 34.
Rc6 Ke7 35. f4 Kd8 36. Bd4 Ra8 37. Kf3 Ke7 38. Kg4 h6 39. Kf3 Kd8 40. Ke2 Ke7
41. Kd3 g5 42. fxg5 hxg5 43. f3 a5 44. Bc3 axb4 45. Bxb4+ Kf6 46. Ke2 Ra7 47.
f4 gxf4 48. exf4 Kf5 49. Kf3 Rb7 50. h4 Nf6 51. Rc8 Nh5 52. Bd6 Rd7 53. Rc6 Ra7
54. Rb6 Nxf4 55. Rxb5 e5 56. Bc5 Ra8 57. Rb6 d4 58. Bd6 e4+ 59. Kf2 Nd5 60. Rb5
Ke6 61. Bc5 e3+ 62. Kf3 e2 63. Rb1 d3 64. Bb4 Rb8 65. Kf2 Kf5 66. Rb3 Ke4 67.
Rb1 Nc3 68. Re1 Nd1+ 69. Kg2 Rxb4 70. axb4 Ke3 0-1

[Event "EtVaS Masters FM 2020"]
[Site "?"]
[Date "2020.09.05"]
[Round "3"]
[White "Keso, Elias"]
[Black "Jarvenpaa, Jari"]
[Result "0-1"]
[WhiteElo "2250"]
[BlackElo "2262"]
[PlyCount "78"]
[EventDate "2020.??.??"]
[SourceDate "2021.11.06"]
[SourceVersionDate "2021.11.06"]

1. e4 d6 2. d4 Nf6 3. Nc3 e5 4. Nf3 Nbd7 5. Bc4 Be7 6. O-O O-O 7. Re1 c6 8. a4
a5 9. h3 exd4 10. Nxd4 Nc5 11. Ba2 Be6 12. Nxe6 fxe6 13. Be3 d5 14. e5 Nfd7 15.
f4 Qe8 16. Bb1 Bh4 17. Rf1 Bd8 18. Ne2 Bb6 19. Kh2 Nxa4 20. Rxa4 Bxe3 21. c3 g6
22. Rf3 Bc5 23. h4 Qe7 24. Rh3 b5 25. Ra1 Kh8 26. g4 Qf7 27. Bd3 Nxe5 28. fxe5
Qf2+ 29. Kh1 Rf3 30. Rh2 Qe3 31. b4 Ba7 32. Nd4 Bxd4 33. Be2 Bxc3 34. Rxa5 Rxa5
35. bxa5 Rg3 36. Qf1 Qe4+ 37. Rg2 Rh3+ 38. Kg1 Bd4+ 39. Rf2 Qh1# 0-1

[Event "EtVaS Masters A 2020"]
[Site "?"]
[Date "2020.09.06"]
[Round "4"]
[White "Patosalmi, Juha"]
[Black "Kumpulainen, Kalle"]
[Result "1/2-1/2"]
[WhiteElo "2005"]
[BlackElo "2057"]
[PlyCount "92"]
[EventDate "2020.??.??"]
[SourceDate "2021.11.06"]
[SourceVersionDate "2021.11.06"]

1. d4 Nf6 2. c4 e6 3. g3 Bb4+ 4. Bd2 a5 5. Bg2 d6 6. Nf3 Nbd7 7. O-O Bxd2 8.
Nfxd2 O-O 9. Nc3 e5 10. e3 Re8 11. Qc2 c6 12. Rad1 exd4 13. exd4 Nf8 14. d5 c5
15. Nb5 Bg4 16. Bf3 Bh3 17. Rfe1 Qd7 18. Ne4 Nxe4 19. Bxe4 Ng6 20. Bg2 Bg4 21.
Rc1 Ne5 22. Qc3 f6 23. Re3 b6 24. Rce1 Kf8 25. a4 Nf7 26. b3 Rxe3 27. Rxe3 Re8
28. f3 Bf5 29. Kf2 Rxe3 30. Qxe3 Qe7 31. Qd2 h5 32. Bf1 Qe5 33. Bd3 Bxd3 34.
Qxd3 Qb2+ 35. Qe2 Qxb3 36. Nc7 Qxa4 37. Qe6 Qc2+ 38. Ke1 Qc1+ 39. Kf2 Qd2+ 40.
Kf1 Qd1+ 41. Kf2 Qd4+ 42. Kg2 Qd2+ 43. Kf1 Qc1+ 44. Kf2 Qc2+ 45. Ke1 Qc3+ 46.
Kf2 Qd2+ 1/2-1/2

[Event "EtVaS Masters FM 2020"]
[Site "?"]
[Date "2020.09.06"]
[Round "4"]
[White "Sammalvuo, Tapani"]
[Black "Jarvenpaa, Jari"]
[Result "1-0"]
[WhiteElo "2424"]
[BlackElo "2262"]
[PlyCount "119"]
[EventDate "2020.??.??"]
[SourceDate "2021.11.06"]
[SourceVersionDate "2021.11.06"]

1. d4 e6 2. Nf3 f5 3. g3 Nf6 4. Bg2 d5 5. O-O Bd6 6. c4 c6 7. Nc3 O-O 8. Qc2
Ne4 9. Rb1 a5 10. a3 Nxc3 11. bxc3 b5 12. cxb5 cxb5 13. Rxb5 Ba6 14. Rb1 Qe7
15. a4 Nd7 16. Bg5 Qf7 17. Rb2 Rfc8 18. Rfb1 Rc6 19. Bf1 Rac8 20. Bd2 Qh5 21.
Qd1 f4 22. gxf4 Qg4+ 23. Kh1 Bxf4 24. Bxf4 Qxf4 25. Qd2 Qf5 26. Qg5 Qxg5 27.
Nxg5 h6 28. Nh3 Rxc3 29. Nf4 Rf8 30. e3 Bxf1 31. Rxf1 Kf7 32. Rb7 Rd8 33. Ra7
g5 34. Ne2 Rc2 35. Nc1 Ke8 36. Rxa5 Rb8 37. Nd3 Rb3 38. Rd1 Rcc3 39. Ne5 Nxe5
40. dxe5 Rb2 41. Kg1 Rc4 42. Ra7 Rg4+ 43. Kf1 Rc4 44. Kg2 Kd8 45. Kg3 Rc7 46.
Ra8+ Rc8 47. Rxc8+ Kxc8 48. Rd4 h5 49. h4 gxh4+ 50. Rxh4 Ra2 51. Rf4 Kd8 52.
Kh4 Ke7 53. Kxh5 d4 54. exd4 Rxa4 55. Kg4 Rc4 56. Kf3 Rc1 57. Rh4 Rd1 58. Ke2
Ra1 59. Rh7+ Kf8 60. Rc7 1-0

[Event "EtVaS Masters FM 2020"]
[Site "?"]
[Date "2020.09.06"]
[Round "4"]
[White "Blinkov, Pavel"]
[Black "Keso, Elias"]
[Result "1-0"]
[WhiteElo "2289"]
[BlackElo "2250"]
[PlyCount "65"]
[EventDate "2020.??.??"]
[SourceDate "2021.11.06"]
[SourceVersionDate "2021.11.06"]

1. d4 Nf6 2. Nc3 d5 3. Bf4 a6 4. e3 e6 5. Bd3 c5 6. dxc5 Bxc5 7. Nf3 Nc6 8. O-O
Qe7 9. e4 d4 10. e5 dxc3 11. exf6 gxf6 12. bxc3 Bd6 13. Qd2 Bxf4 14. Qxf4 e5
15. Qh6 Be6 16. Nh4 O-O-O 17. Nf5 Bxf5 18. Bxf5+ Kb8 19. Rab1 Rd6 20. h4 Nd8
21. Rfd1 Rxd1+ 22. Rxd1 Ne6 23. Rd3 Rc8 24. Qxh7 Rc4 25. Bxe6 Qxe6 26. Rh3 Rg4
27. Qd3 e4 28. Qd8+ Ka7 29. h5 Rg5 30. Qd4+ Ka8 31. Rh4 Qf5 32. h6 Rh5 33. Rxe4
1-0

[Event "EtVaS Masters FM 2020"]
[Site "?"]
[Date "2020.09.06"]
[Round "4"]
[White "Paasikangas, Johanna"]
[Black "Lindholm, Jere"]
[Result "1-0"]
[WhiteElo "2162"]
[BlackElo "2228"]
[PlyCount "61"]
[EventDate "2020.??.??"]
[SourceDate "2021.11.06"]
[SourceVersionDate "2021.11.06"]

1. d4 Nf6 2. Bg5 c5 3. Bxf6 gxf6 4. dxc5 Qa5+ 5. c3 Qxc5 6. g3 Bg7 7. Bg2 Nc6
8. Nd2 f5 9. Nb3 Qb6 10. Qc2 e6 11. e3 d5 12. Ne2 Bd7 13. O-O Rc8 14. Nf4 O-O
15. Qe2 Ne5 16. Rfd1 Ba4 17. Qc2 Nc4 18. Nh5 Na5 19. Nxg7 Kxg7 20. Qe2 Bxb3 21.
axb3 Nxb3 22. Ra4 Qc7 23. Qh5 Kh8 24. Qh6 Qe7 25. Rxa7 Ra8 26. Rxa8 Rxa8 27.
Qf4 Ra2 28. c4 d4 29. exd4 Rxb2 30. Qe3 Na5 31. Qe5+ 1-0

[Event "EtVaS Masters A 2020"]
[Site "?"]
[Date "2020.09.06"]
[Round "5"]
[White "Lallukka, Taneli"]
[Black "Patosalmi, Juha"]
[Result "1-0"]
[WhiteElo "1946"]
[BlackElo "2005"]
[PlyCount "117"]
[EventDate "2020.??.??"]
[SourceDate "2021.11.06"]
[SourceVersionDate "2021.11.06"]

1. d4 d5 2. c4 c6 3. cxd5 cxd5 4. Nf3 Nc6 5. Nc3 e5 6. Nxe5 Nxe5 7. dxe5 d4 8.
Qa4+ b5 9. Nxb5 Bd7 10. Qxd4 Bxb5 11. Qxd8+ Rxd8 12. Bd2 Ne7 13. e4 Bxf1 14.
Rxf1 Nc6 15. Bc3 Bb4 16. Bxb4 Nxb4 17. Ke2 Nd3 18. Rfd1 Nxe5 19. Rxd8+ Kxd8 20.
Rc1 Kd7 21. Rc5 Nc6 22. Ke3 Rc8 23. a3 a5 24. h4 Rb8 25. Rd5+ Kc7 26. b4 axb4
27. axb4 Nxb4 28. Rg5 g6 29. h5 Kd6 30. hxg6 hxg6 31. f4 Ke6 32. g4 Rd8 33. Rb5
Nc2+ 34. Kf2 Rd2+ 35. Kg3 Rd3+ 36. Kh4 Ne3 37. Kg5 Rd7 38. f5+ gxf5 39. exf5+
Kd6 40. Kh5 Nd5 41. g5 Rd8 42. Kh6 Rg8 43. g6 f6 44. Kh7 Re8 45. Kg7 Re7+ 46.
Kf8 Nc7 47. Rb6+ Kd7 48. Rxf6 Re8+ 49. Kg7 Nd5 50. Rf8 Re5 51. f6 Nxf6 52. Rxf6
Re1 53. Rf7+ Ke8 54. Rf4 Re2 55. Kg8 Re1 56. Rh4 Ke7 57. g7 Rg1 58. Kh8 Kf7 59.
Rf4+ 1-0

[Event "EtVaS Masters FM 2020"]
[Site "?"]
[Date "2020.09.06"]
[Round "5"]
[White "Lindholm, Jere"]
[Black "Sammalvuo, Tapani"]
[Result "0-1"]
[WhiteElo "2228"]
[BlackElo "2424"]
[PlyCount "88"]
[EventDate "2020.??.??"]
[SourceDate "2021.11.06"]
[SourceVersionDate "2021.11.06"]

1. e4 e5 2. Qh5 Nc6 3. Bc4 g6 4. Qf3 Nf6 5. Ne2 Bg7 6. d3 Na5 7. Nbc3 d6 8. h3
Nxc4 9. dxc4 Be6 10. b3 Nd7 11. a4 O-O 12. Ba3 Rb8 13. Rd1 b6 14. Nb5 a6 15.
Na7 Qe8 16. Nc6 Rc8 17. Nc3 f5 18. Nd5 fxe4 19. Nce7+ Kh8 20. Qe3 Bxd5 21. Nxd5
Rf7 22. O-O Nf8 23. a5 bxa5 24. c5 Qc6 25. cxd6 cxd6 26. Qxe4 Ne6 27. Qe1 Nd4
28. Qxa5 Qb5 29. Qxb5 Nxb5 30. Nb6 Rc6 31. Nc4 Bf8 32. Bb2 Kg8 33. Ne3 Nc3 34.
Ra1 Ne2+ 35. Kh1 Nd4 36. Bxd4 exd4 37. Nc4 Rf5 38. f4 d5 39. Ne5 Rxc2 40. Rxa6
Bg7 41. Ra8+ Rf8 42. Rxf8+ Kxf8 43. Rd1 Re2 44. Rxd4 Re1+ 0-1

[Event "EtVaS Masters FM 2020"]
[Site "?"]
[Date "2020.09.06"]
[Round "5"]
[White "Jarvenpaa, Jari"]
[Black "Blinkov, Pavel"]
[Result "1/2-1/2"]
[WhiteElo "2262"]
[BlackElo "2289"]
[PlyCount "57"]
[EventDate "2020.??.??"]
[SourceDate "2021.11.06"]
[SourceVersionDate "2021.11.06"]

1. b3 Nf6 2. Bb2 e6 3. Nf3 d5 4. e3 Be7 5. c4 O-O 6. Be2 b6 7. O-O Bb7 8. d3 c5
9. Nbd2 Nbd7 10. Qc2 Qc7 11. a3 Rac8 12. Rac1 Qb8 13. Qb1 Rfd8 14. Qa1 Qa8 15.
cxd5 Bxd5 16. e4 Bb7 17. Nc4 Ne8 18. Nfd2 Bf6 19. Bxf6 Ndxf6 20. f4 Rc7 21. Rf3
Nd7 22. f5 exf5 23. Rxf5 Nf8 24. b4 Ne6 25. Nb3 Qc8 26. bxc5 Nxc5 27. Nxc5 Rxc5
28. Rff1 Qe6 29. Ne3 1/2-1/2

[Event "EtVaS Masters FM 2020"]
[Site "?"]
[Date "2020.09.06"]
[Round "5"]
[White "Keso, Elias"]
[Black "Paasikangas, Johanna"]
[Result "1/2-1/2"]
[WhiteElo "2250"]
[BlackElo "2162"]
[PlyCount "53"]
[EventDate "2020.??.??"]
[SourceDate "2021.11.06"]
[SourceVersionDate "2021.11.06"]

1. e4 c5 2. Nf3 d6 3. d4 cxd4 4. Nxd4 Nf6 5. Nc3 g6 6. Be3 Bg7 7. f3 O-O 8. Qd2
Nc6 9. O-O-O d5 10. Nxc6 bxc6 11. Bh6 Qa5 12. Bxg7 Kxg7 13. e5 Nd7 14. h4 h5
15. e6 fxe6 16. g4 Qb4 17. gxh5 Qf4 18. Qxf4 Rxf4 19. hxg6 Kxg6 20. Bd3+ Kh6
21. Ne2 Rf6 22. f4 Nc5 23. Rdg1 Nxd3+ 24. cxd3 c5 25. Rg5 Bd7 26. Rhg1 Raf8 27.
Kd2 1/2-1/2

[Event "We SeinSK 2020 Seinajoki"]
[Site "?"]
[Date "2020.09.19"]
[Round "3"]
[White "Kauko, Pekka"]
[Black "Sammalvuo, Tapani"]
[Result "0-1"]
[WhiteElo "1911"]
[BlackElo "2421"]
[PlyCount "52"]
[EventDate "2020.10.28"]
[SourceDate "2021.11.06"]
[SourceVersionDate "2021.11.06"]

1. d4 Nf6 2. c4 e6 3. Nf3 b6 4. Nc3 Bb4 5. e3 Ne4 6. Qc2 Bxc3+ 7. bxc3 Bb7 8.
Ba3 c5 9. Bd3 f5 10. Rd1 O-O 11. Bxe4 Bxe4 12. Qd2 Qc7 13. dxc5 bxc5 14. Qd6
Rc8 15. Ng5 Qxd6 16. Rxd6 Bxg2 17. Rg1 Bb7 18. h4 Rc7 19. Kd2 h6 20. Nh3 Nc6
21. Kc1 Ne5 22. Rgd1 Bf3 23. R1d2 Nxc4 24. Rxd7 Rxd7 25. Rxd7 Nxa3 26. Nf4 Rb8
0-1

[Event "We SeinSK 2020 Seinajoki"]
[Site "?"]
[Date "2020.09.20"]
[Round "4"]
[White "Piirto, Tomi"]
[Black "Kauko, Pekka"]
[Result "0-1"]
[WhiteElo "1914"]
[BlackElo "1911"]
[PlyCount "72"]
[EventDate "2020.10.28"]
[SourceDate "2021.11.06"]
[SourceVersionDate "2021.11.06"]

1. e4 e6 2. b3 b6 3. Nc3 Bb7 4. Nf3 g6 5. Bb2 Bg7 6. d3 Ne7 7. g3 O-O 8. Bg2 c5
9. O-O Nbc6 10. Nd2 Nd4 11. f4 d6 12. Nf3 Qd7 13. a4 a6 14. Nxd4 Bxd4+ 15. Kh1
f5 16. Qc1 Bg7 17. Ne2 e5 18. c4 Nc6 19. Rf2 Nb4 20. Qd1 Rfe8 21. Nc3 Rad8 22.
Nd5 Bxd5 23. cxd5 exf4 24. gxf4 Bxb2 25. Rxb2 Qg7 26. Rd2 Rf8 27. Rf2 Nxd3 28.
Qxd3 Qxa1+ 29. Rf1 Qd4 30. Qxa6 fxe4 31. Qxb6 e3 32. Qa5 e2 33. Re1 Rfe8 34.
Bh3 Qxd5+ 35. Bg2 Qd4 36. Qb5 Qd2 0-1

[Event "We SeinSK 2020 Seinajoki"]
[Site "?"]
[Date "2020.09.20"]
[Round "5"]
[White "Maki, Juha"]
[Black "Sammalvuo, Tapani"]
[Result "0-1"]
[WhiteElo "2056"]
[BlackElo "2421"]
[PlyCount "100"]
[EventDate "2020.10.28"]
[SourceDate "2021.11.06"]
[SourceVersionDate "2021.11.06"]

1. d4 Nf6 2. c4 e6 3. Nc3 Bb4 4. e3 b6 5. Nge2 Ne4 6. f3 Nxc3 7. bxc3 Bd6 8. e4
Nc6 9. Ng3 Qh4 10. e5 Nxe5 11. dxe5 Bxe5 12. f4 Bxf4 13. Bxf4 Qxf4 14. Qd4 Qxd4
15. cxd4 Bb7 16. Kf2 O-O-O 17. Rc1 c5 18. dxc5 bxc5 19. Bd3 Kc7 20. Ne2 Bc6 21.
Rhd1 Rb8 22. Rb1 f5 23. Rxb8 Rxb8 24. Rb1 Rxb1 25. Bxb1 Kd6 26. g3 Ke5 27. Ke3
g5 28. h4 h6 29. hxg5 hxg5 30. Bd3 d5 31. cxd5 exd5 32. Ba6 Bd7 33. a3 Be6 34.
a4 c4 35. a5 Bf7 36. Bb7 Bh5 37. Nc1 f4+ 38. gxf4+ gxf4+ 39. Kd2 d4 40. Na2 f3
41. a6 f2 42. Bg2 Bf3 43. Bf1 Kd5 44. Nb4+ Kc5 45. Nc2 Be4 46. Na3 Bd3 47. Bh3
f1=Q 48. Bxf1 Bxf1 49. Nc2 Bd3 50. Ne1 Be4 0-1

[Event "We PSY 2020 Pori"]
[Site "?"]
[Date "2020.09.26"]
[Round "2"]
[White "Palenius, Jarmo"]
[Black "Jarvenpaa, Jari"]
[Result "0-1"]
[WhiteElo "1916"]
[BlackElo "2273"]
[PlyCount "134"]
[EventDate "2020.10.28"]
[SourceDate "2021.11.06"]
[SourceVersionDate "2021.11.06"]

1. d4 Nf6 2. Nf3 e6 3. g3 c5 4. Bg2 Nc6 5. O-O cxd4 6. Nxd4 Bc5 7. Nxc6 bxc6 8.
b3 d5 9. Bb2 O-O 10. Nd2 a5 11. a3 Ba6 12. Re1 Qb6 13. e3 Be7 14. Rb1 Rfd8 15.
Qf3 Nd7 16. e4 Bf6 17. e5 Bg5 18. Nf1 Qc5 19. Qc3 Qxc3 20. Bxc3 a4 21. b4 Rdc8
22. f4 Be7 23. Ne3 g6 24. Bd4 c5 25. bxc5 Bxc5 26. Bxc5 Rxc5 27. Rb4 Rc3 28.
Rxa4 Bb7 29. Rxa8+ Bxa8 30. a4 Bc6 31. a5 d4 32. Bxc6 Rxc6 33. Nd1 Rxc2 34. Re4
Rd2 35. Nf2 Nc5 36. Re1 Ra2 37. Rd1 Rxa5 38. Rxd4 Ra1+ 39. Rd1 Ra2 40. Kf1 h5
41. Kg1 Kg7 42. Kf1 Rc2 43. Kg1 g5 44. fxg5 Re2 45. Nh3 Rxe5 46. Rf1 Ne4 47.
Kg2 Nxg5 48. Nf4 Nh7 49. Rf2 Nf6 50. h3 Ra5 51. Re2 e5 52. Nd3 Nd7 53. Nf2 f5
54. Nd1 f4 55. Rc2 Nf6 56. Rc7+ Kg6 57. Rc6 Ra2+ 58. Kf1 Ra1 59. Ke2 h4 60.
gxh4 e4 61. h5+ Kf5 62. Rc5+ Ke6 63. h6 f3+ 64. Kd2 Ra2+ 65. Ke1 Rh2 66. Rh5
Re2+ 67. Kf1 Nxh5 0-1

[Event "We PSY 2020 Pori"]
[Site "?"]
[Date "2020.09.26"]
[Round "2"]
[White "Olander, Aleksi"]
[Black "Rantanen, Veikko"]
[Result "1-0"]
[WhiteElo "2141"]
[BlackElo "1903"]
[PlyCount "85"]
[EventDate "2020.10.28"]
[SourceDate "2021.11.06"]
[SourceVersionDate "2021.11.06"]

1. d4 Nf6 2. Nc3 d5 3. Bg5 e6 4. e4 dxe4 5. Nxe4 Be7 6. Bxf6 Bxf6 7. c3 O-O 8.
Bd3 Nd7 9. Qc2 g6 10. Nf3 Qe7 11. h4 c5 12. O-O-O cxd4 13. cxd4 b6 14. Kb1 Bb7
15. Qc7 Bd5 16. Nxf6+ Qxf6 17. Qxd7 Rfd8 18. Qc7 Rac8 19. Qe5 Qe7 20. h5 f6 21.
Qe3 g5 22. Be4 Bc4 23. Nd2 Bb5 24. f4 h6 25. fxg5 fxg5 26. Rhe1 Rd6 27. Bd3 Bd7
28. Nc4 Rd5 29. Ne5 Rd6 30. Bc4 Be8 31. g4 a5 32. Bd3 Rcd8 33. Bg6 Bxg6+ 34.
Nxg6 Qg7 35. Rf1 a4 36. a3 b5 37. Ne5 Qh7+ 38. Ka1 Rd5 39. Ng6 Qd7 40. Rf6 Re8
41. Ne5 Qb7 42. Rg6+ Kh8 43. Rxh6+ 1-0

[Event "We PSY 2020 Pori"]
[Site "?"]
[Date "2020.09.26"]
[Round "3"]
[White "Jarvenpaa, Jari"]
[Black "Olander, Aleksi"]
[Result "1-0"]
[WhiteElo "2273"]
[BlackElo "2141"]
[PlyCount "65"]
[EventDate "2020.10.28"]
[SourceDate "2021.11.06"]
[SourceVersionDate "2021.11.06"]

1. e4 d5 2. exd5 Qxd5 3. Nc3 Qd8 4. d4 Nf6 5. Nf3 Bg4 6. h3 Bxf3 7. Qxf3 c6 8.
Be3 e6 9. Bd3 Nbd7 10. O-O-O Bb4 11. Ne2 Qa5 12. Kb1 Qd5 13. Qg3 Nh5 14. Qh2
Bd6 15. f4 Qa5 16. g4 Nhf6 17. c4 c5 18. g5 Nh5 19. Be4 g6 20. Bxb7 Rb8 21. Bc6
Qb4 22. Bb5 Rxb5 23. cxb5 c4 24. Nc3 O-O 25. Qf2 Rb8 26. d5 e5 27. f5 a6 28.
Rhf1 Nf4 29. fxg6 hxg6 30. Ne4 axb5 31. Bxf4 exf4 32. a3 Qb3 33. Nxd6 1-0

[Event "We PSY 2020 Pori"]
[Site "?"]
[Date "2020.09.26"]
[Round "3"]
[White "Hautamaki, Panu"]
[Black "Palenius, Jarmo"]
[Result "1/2-1/2"]
[WhiteElo "1948"]
[BlackElo "1916"]
[PlyCount "139"]
[EventDate "2020.10.28"]
[SourceDate "2021.11.06"]
[SourceVersionDate "2021.11.06"]

1. d4 d5 2. Bg5 c6 3. a3 Bf5 4. e3 a6 5. Nf3 Nd7 6. c4 Ngf6 7. cxd5 cxd5 8. Nc3
h6 9. Bf4 e6 10. Bd3 Bxd3 11. Qxd3 Be7 12. O-O O-O 13. b4 Nb6 14. Rfc1 Nh5 15.
Ne2 Nxf4 16. exf4 Nc4 17. Ne5 b5 18. Nxc4 dxc4 19. Qe4 Bf6 20. Ra2 Qd7 21. g3
Rfd8 22. a4 Rab8 23. axb5 axb5 24. Rd1 Be7 25. Rb1 Bf6 26. Rd1 Qd6 27. Rb1 Bxd4
28. Nxd4 Qxd4 29. Qxd4 Rxd4 30. Kf1 f6 31. Ra6 Kf7 32. Ra7+ Kg6 33. Rc7 Rd2 34.
Ke1 Rc2 35. Rd1 Ra8 36. Rd2 Ra1+ 37. Ke2 Rxd2+ 38. Kxd2 Rb1 39. g4 Rxb4 40. f5+
exf5 41. gxf5+ Kxf5 42. Rxg7 Rb2+ 43. Ke3 c3 44. Rh7 c2 45. Kd2 b4 46. Kc1 Ra2
47. Rb7 Ra1+ 48. Kxc2 Rf1 49. Rxb4 Rxf2+ 50. Kd3 Rxh2 51. Ke3 Kg5 52. Kf3 h5
53. Kg3 Rc2 54. Rb5+ f5 55. Ra5 h4+ 56. Kh3 Rc3+ 57. Kg2 Kg4 58. Ra8 Rc2+ 59.
Kg1 h3 60. Rg8+ Kf3 61. Rh8 h2+ 62. Kh1 f4 63. Re8 Re2 64. Ra8 Kf2 65. Kxh2 f3
66. Ra1 Rd2 67. Rb1 Re2 68. Ra1 Ke3+ 69. Kg1 Rg2+ 70. Kf1 1/2-1/2

[Event "We PSY 2020 Pori"]
[Site "?"]
[Date "2020.09.27"]
[Round "4"]
[White "Olander, Aleksi"]
[Black "Palenius, Jarmo"]
[Result "1-0"]
[WhiteElo "2141"]
[BlackElo "1916"]
[PlyCount "35"]
[EventDate "2020.10.28"]
[SourceDate "2021.11.06"]
[SourceVersionDate "2021.11.06"]

1. d4 d5 2. c4 c6 3. Nf3 Nf6 4. e3 a6 5. b3 Bf5 6. Nbd2 e6 7. Be2 Bd6 8. O-O h6
9. Bb2 O-O 10. Ne5 Nfd7 11. f4 Qe7 12. Ndf3 f6 13. Nxd7 Nxd7 14. Nh4 g5 15.
Nxf5 exf5 16. Bc1 Rf7 17. Bd3 g4 18. Bxf5 1-0

[Event "We PSY 2020 Pori"]
[Site "?"]
[Date "2020.09.27"]
[Round "5"]
[White "Jarvenpaa, Jari"]
[Black "Hautamaki, Panu"]
[Result "1-0"]
[WhiteElo "2273"]
[BlackElo "1948"]
[PlyCount "73"]
[EventDate "2020.10.28"]
[SourceDate "2021.11.06"]
[SourceVersionDate "2021.11.06"]

1. e4 e5 2. Nf3 Nf6 3. Nxe5 d6 4. Nf3 Nxe4 5. c4 Be7 6. Nc3 Nxc3 7. dxc3 O-O 8.
Qc2 Re8 9. Be3 Nd7 10. Bd3 Nf8 11. O-O-O Bf6 12. h3 b6 13. Be4 Rb8 14. Nd4 Bxd4
15. cxd4 Bb7 16. d5 Bc8 17. Rhe1 Bd7 18. f3 Re7 19. Bg5 f6 20. Bd2 Be8 21. g4
Bg6 22. g5 Rf7 23. h4 a5 24. Bxg6 hxg6 25. f4 Qd7 26. h5 f5 27. hxg6 Nxg6 28.
Re6 Nf8 29. Rde1 g6 30. Bc3 Rh7 31. R6e2 c6 32. Qd3 a4 33. Qd4 Rb7 34. Re8 cxd5
35. cxd5 Qb5 36. Qf6 Rbf7 37. Rxf8+ 1-0

[Event "We LahS A 2020 Lahti"]
[Site "?"]
[Date "2020.08.15"]
[Round "1"]
[White "Luukkonen, Tommi"]
[Black "Paronen, Petteri"]
[Result "1-0"]
[WhiteElo "2333"]
[BlackElo "2022"]
[PlyCount "67"]
[EventDate "2020.??.??"]
[SourceDate "2021.11.06"]
[SourceVersionDate "2021.11.06"]

1. e4 c5 2. Nf3 e6 3. d4 cxd4 4. Nxd4 a6 5. Bd3 Qc7 6. O-O g6 7. c4 Bg7 8. Nf3
Ne7 9. Nc3 Nbc6 10. Be3 O-O 11. c5 d5 12. cxd6 Qxd6 13. Qe2 e5 14. Rfd1 Nd4 15.
Bxd4 exd4 16. e5 Qb6 17. Ne4 Bg4 18. Neg5 h6 19. h3 Bd7 20. Ne4 Nc6 21. Nf6+
Bxf6 22. exf6 Qd8 23. Qd2 Qxf6 24. Qxh6 Rfe8 25. Ng5 Be6 26. Ne4 Qg7 27. Qf4
Re7 28. Nf6+ Kf8 29. Be4 Rd8 30. Bxc6 bxc6 31. Rxd4 Rxd4 32. Qxd4 Bd5 33. Qf4
Re6 34. Qb4+ 1-0

[Event "We LahS A 2020 Lahti"]
[Site "?"]
[Date "2020.08.15"]
[Round "1"]
[White "Mustonen, Tapani"]
[Black "Tuominen, Tanja"]
[Result "0-1"]
[WhiteElo "1979"]
[BlackElo "2081"]
[PlyCount "76"]
[EventDate "2020.??.??"]
[SourceDate "2021.11.06"]
[SourceVersionDate "2021.11.06"]

1. d4 d5 2. Nf3 e6 3. g3 Nf6 4. Bg2 Be7 5. O-O O-O 6. c4 Nbd7 7. Nbd2 b6 8. e4
Nxe4 9. Nxe4 dxe4 10. Ne5 Bb7 11. Qc2 Nxe5 12. dxe5 Qd4 13. Rd1 Qxe5 14. Rd7
Bc5 15. Bf4 Qf5 16. Rxc7 e3 17. Qxf5 exf2+ 18. Kf1 Bxg2+ 19. Kxg2 exf5 20. Rd7
Rfe8 21. Bd2 Re2 22. b4 f1=Q+ 23. Kxf1 Rf2+ 24. Ke1 Re8+ 25. Kd1 Bxb4 26. Rc1
Bc5 27. Rc3 Rxh2 28. Be3 Rxa2 29. Bxc5 bxc5 30. Rb3 Rf8 31. Rb5 Ra3 32. Rxc5 g6
33. Rcc7 a5 34. Kc2 Rxg3 35. c5 f4 36. c6 Rg5 37. Kd3 Rc5 38. Kd4 Rc1 0-1

[Event "We LahS A 2020 Lahti"]
[Site "?"]
[Date "2020.08.15"]
[Round "1"]
[White "Sipila, Markku"]
[Black "Komulainen, Lauri"]
[Result "1/2-1/2"]
[WhiteElo "2047"]
[BlackElo "1977"]
[PlyCount "77"]
[EventDate "2020.??.??"]
[SourceDate "2021.11.06"]
[SourceVersionDate "2021.11.06"]

1. d4 d5 2. Nf3 Nf6 3. c4 c6 4. Nc3 e6 5. Bf4 Nbd7 6. e3 Be7 7. Rc1 Nf8 8. h3
Ng6 9. Bg3 O-O 10. c5 b6 11. b4 a5 12. a3 Ba6 13. Bxa6 Rxa6 14. Qd3 b5 15. O-O
axb4 16. axb4 Qa8 17. e4 Ra3 18. Qc2 dxe4 19. Nxe4 Nd5 20. Bd6 Nxb4 21. Qd2 Nd5
22. Nc3 Nxc3 23. Rxc3 Rd8 24. Bc7 Ra2 25. Rc2 Rxc2 26. Qxc2 Rd7 27. Bb6 Bd8 28.
Qc3 Nf4 29. Qa1 Qb7 30. Qa5 Bxb6 31. cxb6 f6 32. Ra1 Nd5 33. Qe1 Nxb6 34. Qxe6+
Kf8 35. Re1 Re7 36. Qd6 Nd5 37. Rc1 Qc7 38. Rxc6 Qxd6 39. Rxd6 1/2-1/2